| 000 | 00000nam##2200000za#4500 |
| 001 | 9.681440 |
| 003 | CaOODSP |
| 005 | 20200401075135 |
| 007 | ta |
| 008 | 150407|2001||||xxc||||| f|0| 0 fre|d |
| 020 | |a0-662-85611-2 |
| 040 | |aCaOODSP|bfre |
| 043 | |an-cn--- |
| 086 | 1 |aE94-309/2001F |
| 110 | 1 |aCanada.|bAgence canadienne de développement international. |
| 245 | 13|aLe Canada et la coopération dans les Amériques : |bphotos de famille |
| 260 | |aOttawa - Ontario : |bAgence canadienne de développement international |c2001. |
| 300 | |a12p. : |bill. en couleur ; |c28 cm. |
| 563 | |aCouverture souple |
| 590 | |a01-16|b2001-04-20 |
| 691 | 07|aConditions économiques|2gcpds |
| 691 | 07|aDéveloppement économique|2gcpds |
| 691 | 07|aDroits de la personne|2gcpds |
| 775 | 08|tCanada and development cooperation in the Americas : |w(CaOODSP)9.648061 |
| 776 | 0#|tLe Canada et la coopération au développement dans les Amériques : |w(CaOODSP)9.639905 |